[Event "WchT Seniors 50"]
[Site "Rhodes"]
[Date "2019.04.19"]
[Round "4.7"]
[White "Ernst, Michael"]
[Black "Wolff, Peter"]
[Result "1-0"]
[WhiteElo "2184"]
[BlackElo "1893"]
[PlyCount "63"]
[EventDate "2019.04.16"]
[EventType "team-swiss"]
[EventRounds "9"]
[EventCountry "GRE"]
[SourceTitle "CBM 190 Extra"]
[Source "ChessBase"]
[SourceDate "2019.07.15"]
[SourceVersion "1"]
[SourceVersionDate "2019.07.15"]
[SourceQuality "1"]
[WhiteTeam "Austria"]
[BlackTeam "Offenbach"]
[WhiteTeamCountry "AUT"]
[BlackTeamCountry "GER"]

1. d4 d5 2. Nf3 Nf6 3. e3 c6 4. c4 g6 5. Nc3 Bg7 6. Be2 Bg4 7. b3 0-0 8. 0-0 Nbd7 9. Bb2 Re8 10. cxd5 cxd5 11. Ne5 Bxe2 12. Qxe2 a6 13. Rac1 Qa5 14. Nxd7 Nxd7 15. b4 Qd8 16. Nxd5 Rc8 17. Rxc8 Qxc8 18. Rc1 Qd8 19. Qc4 Nb6 20. Nxb6 Qxb6 21. h3 e6 22. Qc5 Qd8 23. a3 Bf8 24. Qc4 Bd6 25. Qc3 f6 26. Qc4 Kg7 27. e4 g5 28. d5 Bf4 29. Rd1 exd5 30. Rd3 Qb6 31. Rxd5 Kh6 32. Rd7 1-0

[Event "Arber op 7th"]
[Site "Bodenmais"]
[Date "2018.08.03"]
[Round "7"]
[White "Wolff, Peter"]
[Black "Bartels, Vladimir"]
[Result "1-0"]
[WhiteElo "1894"]
[BlackElo "1739"]
[PlyCount "63"]
[EventDate "2018.07.28"]
[EventType "swiss"]
[EventRounds "9"]
[EventCountry "GER"]
[SourceTitle "CBM 185 Extra"]
[Source "ChessBase"]
[SourceDate "2018.07.29"]
[SourceVersion "1"]
[SourceVersionDate "2018.07.29"]
[SourceQuality "1"]

1. c4 Nf6 2. g3 e5 3. Bg2 d5 4. cxd5 Nxd5 5. Nc3 Nb6 6. Nf3 Nc6 7. 0-0 Be7 8. d3 0-0 9. a3 Be6 10. b4 a6 11. Bb2 f6 12. Rc1 Nd5 13. Ne4 Na7 14. d4 f5 15. Nc5 Bxc5 16. dxc5 e4 17. Nd4 Bd7 18. Qb3 Bc6 19. Ne6 Qe7 20. Nxf8 Rxf8 21. e3 Kh8 22. Rfd1 Rd8 23. Rd2 Nf6 24. Rxd8+ Qxd8 25. Rd1 Qe8 26. Rd2 Qe7 27. Bf1 b5 28. cxb6 cxb6 29. Qd1 h6 30. Rd6 Ne8 31. Rxh6+ Kg8 32. Bc4+ 1-0

[Event "Arber op 7th"]
[Site "Bodenmais"]
[Date "2018.08.02"]
[Round "6"]
[White "Naumann, Thomas"]
[Black "Wolff, Peter"]
[Result "0-1"]
[WhiteElo "1710"]
[BlackElo "1894"]
[PlyCount "56"]
[EventDate "2018.07.28"]
[EventType "swiss"]
[EventRounds "9"]
[EventCountry "GER"]
[SourceTitle "CBM 185 Extra"]
[Source "ChessBase"]
[SourceDate "2018.07.29"]
[SourceVersion "1"]
[SourceVersionDate "2018.07.29"]
[SourceQuality "1"]

1. d4 d5 2. Nf3 Nf6 3. e3 c6 4. c4 e6 5. Nc3 Nbd7 6. Bd3 dxc4 7. Bxc4 b5 8. Bd3 Bb7 9. 0-0 Bd6 10. b3 0-0 11. Bb2 a6 12. Rc1 c5 13. Nb1 Rc8 14. Qe2 Ne4 15. Bxe4 Bxe4 16. Nbd2 Bb7 17. Rfd1 Qe7 18. dxc5 Nxc5 19. Nf1 Ne4 20. Nd4 Bb4 21. Ng3 Nc3 22. Bxc3 Bxc3 23. Qg4 f5 24. Qe2 Rc5 25. Qd3 Rfc8 26. Nge2 Be4 27. Qxc3 Rxc3 28. Nxc3 Bb7 0-1

[Event "Arber op 7th"]
[Site "Bodenmais"]
[Date "2018.08.01"]
[Round "5"]
[White "Wolff, Peter"]
[Black "Mittermaier, Johann"]
[Result "0-1"]
[WhiteElo "1894"]
[BlackElo "1696"]
[PlyCount "114"]
[EventDate "2018.07.28"]
[EventType "swiss"]
[EventRounds "9"]
[EventCountry "GER"]
[SourceTitle "CBM 185 Extra"]
[Source "ChessBase"]
[SourceDate "2018.07.29"]
[SourceVersion "1"]
[SourceVersionDate "2018.07.29"]
[SourceQuality "1"]

1. c4 e6 2. g3 d5 3. Bg2 Nf6 4. Nf3 c5 5. 0-0 Be7 6. b3 0-0 7. Bb2 Nc6 8. e3 Qb6 9. Qe2 a5 10. Na3 a4 11. Nb5 axb3 12. axb3 Bd7 13. d4 Ne4 14. Ne5 Nxe5 15. dxe5 h6 16. f3 Ng5 17. h4 Nh7 18. Bh3 Bxb5 19. cxb5 Rfd8 20. Rfd1 Ra5 21. Rxa5 Qxa5 22. Ra1 Qb4 23. Ra7 d4 24. exd4 cxd4 25. Ba3 d3 26. Qd1 Qd4+ 27. Kf1 Qxa7 28. Bxe7 Rd7 29. Bd6 Qe3 30. Bg4 Rd8 31. Qe1 Qd4 32. f4 Ra8 33. Bd1 Ra2 34. Bb4 Rh2 35. Bf3 d2 36. Bxd2 Rxd2 37. Be2 Ra2 38. Qf2 Qe4 39. Qf3 Rxe2 40. Qxe2 Qxe2+ 41. Kxe2 h5 42. Kd3 Kf8 43. Kc4 b6 44. Kd4 Ke7 45. Ke4 Nf8 46. b4 Ng6 47. Kf3 Kd7 48. g4 hxg4+ 49. Kxg4 Ne7 50. h5 Nf5 51. Kg5 Ke7 52. Kg4 Nd4 53. Kg5 Nxb5 54. f5 exf5 55. Kxf5 Nd4+ 56. Ke4 Nc2 57. b5 Ke6 0-1

[Event "Arber op 7th"]
[Site "Bodenmais"]
[Date "2018.07.29"]
[Round "2"]
[White "Wolff, Peter"]
[Black "Zepke, Armin"]
[Result "1/2-1/2"]
[WhiteElo "1894"]
[BlackElo "2130"]
[PlyCount "60"]
[EventDate "2018.07.28"]
[EventType "swiss"]
[EventRounds "9"]
[EventCountry "GER"]
[SourceTitle "CBM 185 Extra"]
[Source "ChessBase"]
[SourceDate "2018.07.29"]
[SourceVersion "1"]
[SourceVersionDate "2018.07.29"]
[SourceQuality "1"]

1. c4 c6 2. g3 d5 3. Nf3 Nf6 4. Bg2 Bf5 5. Qb3 Qb6 6. d3 e6 7. Be3 dxc4 8. Bxb6 cxb3 9. axb3 Na6 10. Bd4 Bb4+ 11. Bc3 Bc5 12. Ra4 Nc7 13. 0-0 0-0 14. Nh4 Bg6 15. Nxg6 hxg6 16. Rc4 Be7 17. Bb4 Bxb4 18. Rxb4 Nb5 19. Nc3 a6 20. Ra1 Nd5 21. Nxd5 exd5 22. e3 f5 23. h4 Kf7 24. Re1 Rad8 25. Ra4 Rfe8 26. d4 Kf6 27. f4 Re7 28. Kf2 Rde8 29. Raa1 Re6 30. b4 Nd6 1/2-1/2

[Event "Hessen-chA"]
[Site "Frankfurt"]
[Date "2018.05.12"]
[Round "6"]
[White "Wolff, Peter"]
[Black "Keuth, Gerd Erich"]
[Result "0-1"]
[WhiteElo "1917"]
[BlackElo "1999"]
[PlyCount "166"]
[EventDate "2018.05.10"]
[EventType "swiss"]
[EventRounds "7"]
[EventCountry "GER"]
[SourceTitle "EXT 2019"]
[Source "ChessBase"]
[SourceDate "2018.10.10"]
[SourceVersion "1"]
[SourceVersionDate "2018.10.10"]
[SourceQuality "1"]

1. c4 e5 2. g3 Nf6 3. Bg2 Nc6 4. Nc3 Bc5 5. e3 a6 6. Nge2 Qe7 7. 0-0 0-0 8. a3 d6 9. h3 Re8 10. d4 Ba7 11. b4 Bf5 12. d5 Nb8 13. e4 Bg6 14. g4 Rf8 15. Qd3 Ne8 16. Be3 Nd7 17. Ng3 a5 18. Rfb1 Bxe3 19. Qxe3 b6 20. b5 Nc5 21. Nce2 Nf6 22. Nc1 a4 23. Rb4 h6 24. f3 Nfd7 25. Bf1 Qh4 26. Qf2 Qg5 27. Rb2 h5 28. Bg2 Nf6 29. Rab1 Kh7 30. Nf5 Bxf5 31. gxf5 h4 32. Qd2 Qg3 33. Qf2 Qf4 34. Qd2 Nh5 35. Ne2 Qxd2 36. Rxd2 g6 37. fxg6+ fxg6 38. Rf1 Rf7 39. Rdd1 Raf8 40. Kh2 Nf4 41. Nxf4 Rxf4 42. Rfe1 Nb3 43. Rd3 Nd4 44. Ree3 Kg7 45. Kg1 Rh8 46. Rd2 Rh5 47. Kh2 Rg5 48. Rf2 Rg3 49. Kh1 Nb3 50. Kh2 Nc5 51. Rfe2 Nd7 52. Rb2 Nc5 53. Rbe2 Kh6 54. Kh1 Kg5 55. Kh2 Rf8 56. Bh1 Kf4 57. Rc3 Rh8 58. Bg2 Rh5 59. Rf2 Rhg5 60. Re2 Nb3 61. Rb2 Nd4 62. Rf2 Rh5 63. Kh1 Rh8 64. Kh2 Rf8 65. Bh1 Kg5 66. Re3 Nb3 67. Bg2 Nc5 68. Rfe2 Nd7 69. Rb2 Nf6 70. Rf2 Nh5 71. Ree2 Nf4 72. Rd2 Nxg2 73. Rxg2 Rfxf3 74. Ra2 Kf4 75. Rge2 Rxh3+ 76. Kg2 g5 77. Rac2 Rfg3+ 78. Kf1 Rh1+ 79. Kf2 Rh2+ 80. Kf1 Rxe2 81. Rxe2 Rxa3 82. Rf2+ Rf3 83. Ke2 Rxf2+ 0-1

[Event "Heusenstamm Sparkassen op-A 4th"]
[Site "Heusenstamm"]
[Date "2017.11.25"]
[Round "4"]
[White "Wolff, Peter"]
[Black "Meiser, Markus"]
[Result "0-1"]
[WhiteElo "1906"]
[BlackElo "2117"]
[PlyCount "72"]
[EventDate "2017.11.23"]
[EventType "swiss"]
[EventRounds "7"]
[EventCountry "GER"]
[SourceTitle "EXT 2019"]
[Source "ChessBase"]
[SourceDate "2018.10.10"]
[SourceVersion "1"]
[SourceVersionDate "2018.10.10"]
[SourceQuality "1"]

1. c4 c6 2. g3 d5 3. Nf3 Nf6 4. Bg2 g6 5. 0-0 Bg7 6. d3 0-0 7. Qc2 Na6 8. a3 dxc4 9. Qxc4 Be6 10. Qc2 Qc8 11. b3 Bh3 12. Bb2 Bxg2 13. Kxg2 b6 14. Nbd2 c5 15. Rac1 Qb7 16. Kg1 Rfd8 17. Nc4 Nc7 18. Qd2 Ne6 19. Nce5 Ne4 20. Qe3 Nd6 21. g4 Qd5 22. b4 Rac8 23. bxc5 bxc5 24. Nc4 Bd4 25. Qh6 Bxb2 26. Nxb2 Nd4 27. Nxd4 Qxd4 28. Nc4 Qxg4+ 29. Kh1 Qxe2 30. f4 Nf5 31. Qg5 h6 32. Qg1 Qxd3 33. Ne5 Qe4+ 34. Nf3 Rd3 35. Rxc5 Rxc5 36. Qxc5 Rxf3 0-1

[Event "Heusenstamm Sparkassen op-A 4th"]
[Site "Heusenstamm"]
[Date "2017.11.24"]
[Round "3"]
[White "Medvedovski, Michael"]
[Black "Wolff, Peter"]
[Result "1-0"]
[WhiteElo "2048"]
[BlackElo "1906"]
[PlyCount "105"]
[EventDate "2017.11.23"]
[EventType "swiss"]
[EventRounds "7"]
[EventCountry "GER"]
[SourceTitle "EXT 2019"]
[Source "ChessBase"]
[SourceDate "2018.10.10"]
[SourceVersion "1"]
[SourceVersionDate "2018.10.10"]
[SourceQuality "1"]

1. e4 c6 2. d4 d5 3. exd5 cxd5 4. c4 Nf6 5. Nc3 Nc6 6. Nf3 Bg4 7. cxd5 Nxd5 8. Qb3 Bxf3 9. gxf3 e6 10. Qxb7 Nxd4 11. Bb5+ Nxb5 12. Qc6+ Ke7 13. Qxb5 Qd7 14. Nxd5+ Qxd5 15. Bg5+ f6 16. Qxd5 exd5 17. Be3 Ke6 18. 0-0-0 Rc8+ 19. Kb1 Bc5 20. Rhe1 Bxe3 21. Rxe3+ Kd6 22. Ra3 Rc7 23. Ra5 Rhc8 24. Raxd5+ Ke6 25. a3 Rb8 26. Rd6+ Kf5 27. Rd7 Rbb7 28. R7d5+ Kf4 29. R1d3 Re7 30. R5d4+ Kf5 31. Re3 Red7 32. Rxd7 Rxd7 33. Kc2 Kf4 34. b4 g5 35. a4 Rd4 36. Kc3 Rd1 37. b5 Ra1 38. Kb4 Ra2 39. Re7 h5 40. Rxa7 Rxf2 41. Rf7 f5 42. b6 Rxh2 43. Kc3 Rh1 44. b7 Rb1 45. a5 h4 46. a6 h3 47. a7 h2 48. b8Q+ Rxb8 49. axb8Q+ Kxf3 50. Qxh2 f4 51. Kd3 Kg4 52. Qg2+ Kh5 53. Rg7 1-0

[Event "WchT Seniors 50"]
[Site "Hersonissos"]
[Date "2017.05.02"]
[Round "9.4"]
[White "Wolff, Peter"]
[Black "Solozhenkin, Evgeniy"]
[Result "0-1"]
[WhiteElo "1963"]
[BlackElo "2443"]
[PlyCount "84"]
[EventDate "2017.04.24"]
[EventType "team-swiss"]
[EventRounds "9"]
[EventCountry "GRE"]
[SourceTitle "CBM 178 Extra"]
[Source "ChessBase"]
[SourceDate "2017.06.22"]
[SourceVersion "1"]
[SourceVersionDate "2017.06.22"]
[SourceQuality "1"]
[WhiteTeam "Offenbach"]
[BlackTeam "St Petersburg"]
[WhiteTeamCountry "GER"]
[BlackTeamCountry "RUS"]

1. c4 c5 2. g3 Nc6 3. Bg2 g6 4. Nc3 Bg7 5. Nf3 e5 6. 0-0 Nge7 7. a3 a5 8. Ne1 0-0 9. Rb1 d6 10. Nc2 Be6 11. Ne3 Rb8 12. Ned5 Bg4 13. Ne3 Be6 14. Ned5 b5 15. Nxe7+ Nxe7 16. cxb5 d5 17. a4 f5 18. Qc2 d4 19. Nd1 c4 20. Ra1 Nd5 21. Bxd5 Qxd5 22. f3 e4 23. f4 g5 24. e3 gxf4 25. exf4 Rf6 26. Nf2 Rg6 27. Qd1 Bf8 28. Nh3 Bc5 29. Qh5 Rb7 30. Re1 Rbg7 31. Kf1 Bf7 32. Qe2 d3 33. Qg2 Rg4 34. b3 cxb3 35. Bb2 R7g6 36. Rac1 h6 37. Rxc5 Qxc5 38. Rc1 Bc4 39. Qf2 e3 40. Qf3 exd2 41. Rd1 Bd5 42. Qxd3 Bc4 0-1

[Event "Hessen-chA"]
[Site "Marburg"]
[Date "2017.??.??"]
[Round "4"]
[White "Dios, Erwin Michael"]
[Black "Wolff, Peter"]
[Result "0-1"]
[WhiteElo "2058"]
[BlackElo "1946"]
[PlyCount "86"]
[EventDate "2017.05.24"]
[EventType "swiss"]
[EventRounds "7"]
[EventCountry "GER"]
[SourceTitle "EXT 2018"]
[Source "ChessBase"]
[SourceDate "2017.10.13"]
[SourceVersion "1"]
[SourceVersionDate "2017.10.13"]
[SourceQuality "1"]

1. g3 d5 2. Bg2 Nf6 3. Nf3 c6 4. 0-0 Bg4 5. d3 Nbd7 6. Nbd2 e6 7. h3 Bh5 8. e4 Bd6 9. exd5 cxd5 10. c4 0-0 11. Qe2 Rc8 12. b3 Re8 13. g4 Bg6 14. Nh4 Nb6 15. Nxg6 hxg6 16. Bb2 Bf4 17. Rfd1 Qd7 18. Be5 Bxe5 19. Qxe5 Qc7 20. Qxc7 Rxc7 21. Nf1 Rec8 22. Ne3 g5 23. Bf3 d4 24. Nc2 e5 25. Re1 Nbd7 26. b4 Kf8 27. Kg2 Ng8 28. Rh1 Ne7 29. Be4 Nf6 30. Rae1 Nxe4 31. Rxe4 Ng6 32. Kg3 f6 33. Re2 Kf7 34. Rd2 Rh8 35. Na3 a6 36. c5 Ke6 37. Nc4 Rc6 38. a3 Rc7 39. Rc1 Nf4 40. Rh1 Rh4 41. f3 g6 42. Nb2 Rch7 43. Rdh2 Kd7 0-1

[Event "Hessen-chA"]
[Site "Marburg"]
[Date "2017.??.??"]
[Round "7"]
[White "Tornay Gomez, Josu"]
[Black "Wolff, Peter"]
[Result "1-0"]
[WhiteElo "2105"]
[BlackElo "1946"]
[PlyCount "77"]
[EventDate "2017.05.24"]
[EventType "swiss"]
[EventRounds "7"]
[EventCountry "GER"]
[SourceTitle "EXT 2018"]
[Source "ChessBase"]
[SourceDate "2017.10.13"]
[SourceVersion "1"]
[SourceVersionDate "2017.10.13"]
[SourceQuality "1"]

1. e4 c6 2. d4 d5 3. e5 Bf5 4. Nf3 e6 5. Be2 Nd7 6. 0-0 h6 7. Nbd2 Ne7 8. Nb3 Bg4 9. Bd3 Qc7 10. Re1 0-0-0 11. a4 Kb8 12. Bd2 Nc8 13. h3 Bxf3 14. Qxf3 c5 15. Nxc5 Nxc5 16. dxc5 Bxc5 17. b4 Bf8 18. a5 g5 19. b5 Qd7 20. b6 a6 21. Qe2 Qc6 22. Reb1 Bc5 23. Rb3 d4 24. Be4 Rd5 25. Bxd5 Qxd5 26. Bb4 Ne7 27. Bxc5 Qxc5 28. Rf3 Nf5 29. Qe4 Rf8 30. Ra4 h5 31. g4 hxg4 32. hxg4 Qb5 33. Ra1 Qb2 34. Rd1 Nh4 35. Rb3 Qa2 36. Qxd4 Rc8 37. Qd6+ Ka8 38. Qc7 Qxc2 39. Qxc2 1-0

[Event "Hessen-chA"]
[Site "Marburg"]
[Date "2017.??.??"]
[Round "6"]
[White "Wolff, Peter"]
[Black "Kuhn, Gerhard"]
[Result "1/2-1/2"]
[WhiteElo "1946"]
[BlackElo "2023"]
[PlyCount "30"]
[EventDate "2017.05.24"]
[EventType "swiss"]
[EventRounds "7"]
[EventCountry "GER"]
[SourceTitle "EXT 2018"]
[Source "ChessBase"]
[SourceDate "2017.10.13"]
[SourceVersion "1"]
[SourceVersionDate "2017.10.13"]
[SourceQuality "1"]

1. c4 Nf6 2. g3 g6 3. Bg2 d5 4. cxd5 Nxd5 5. Nc3 Nb6 6. Nf3 Bg7 7. d3 c6 8. Be3 Na6 9. Qd2 Nb4 10. a3 N4d5 11. Nxd5 Nxd5 12. Bh6 0-0 13. h4 f6 14. 0-0 Be6 15. Bxg7 Kxg7 1/2-1/2

[Event "Hessen-chA"]
[Site "Marburg"]
[Date "2017.??.??"]
[Round "1"]
[White "Wolff, Peter"]
[Black "Montermann, Klaus"]
[Result "1/2-1/2"]
[WhiteElo "1946"]
[BlackElo "2068"]
[PlyCount "64"]
[EventDate "2017.05.24"]
[EventType "swiss"]
[EventRounds "7"]
[EventCountry "GER"]
[SourceTitle "EXT 2018"]
[Source "ChessBase"]
[SourceDate "2017.10.13"]
[SourceVersion "1"]
[SourceVersionDate "2017.10.13"]
[SourceQuality "1"]

1. c4 e5 2. g3 d6 3. Bg2 c5 4. Nc3 Nc6 5. e4 g5 6. d3 Bg7 7. Nge2 h6 8. Be3 Nge7 9. Qd2 Bg4 10. f3 Bd7 11. 0-0 Nd4 12. Rab1 a5 13. Rf2 Qc7 14. Rbf1 0-0-0 15. Kh1 Bc6 16. f4 gxf4 17. gxf4 f5 18. Nd5 Bxd5 19. exd5 b6 20. Bh3 Kb7 21. Ng3 exf4 22. Bxf4 Rdf8 23. Be3 Rf7 24. Nxf5 Nexf5 25. Bxf5 Rhf8 26. Bg6 Rxf2 27. Rxf2 Qe7 28. Rxf8 Qxf8 29. Qf2 Qxf2 30. Bxf2 Nc2 31. Bg3 Kc7 32. Bf4 Kd7 1/2-1/2

[Event "Wch Seniors 50 26th"]
[Site "Marianske Lazne"]
[Date "2016.11.30"]
[Round "11"]
[White "Wolff, Peter"]
[Black "Tiedt, Gunter"]
[Result "1/2-1/2"]
[WhiteElo "1912"]
[BlackElo "2020"]
[PlyCount "38"]
[EventDate "2016.11.19"]
[EventType "swiss"]
[EventRounds "11"]
[EventCountry "CZE"]
[SourceTitle "CBM 175 Extra"]
[Source "ChessBase"]
[SourceDate "2016.12.12"]
[SourceVersion "1"]
[SourceVersionDate "2016.12.12"]
[SourceQuality "1"]

1. c4 e5 2. g3 Nf6 3. Bg2 d5 4. cxd5 Nxd5 5. Nc3 Nxc3 6. bxc3 Bd6 7. d3 0-0 8. Nf3 Nc6 9. Rb1 Rb8 10. Ng5 Bd7 11. Qc2 h6 12. Ne4 Be7 13. 0-0 Be6 14. Be3 b6 15. Nf6+ Bxf6 16. Bxc6 Bd5 17. Bxd5 Qxd5 18. c4 Qc6 19. a4 a5 1/2-1/2

[Event "Wch Seniors 50 26th"]
[Site "Marianske Lazne"]
[Date "2016.11.24"]
[Round "6"]
[White "Wolff, Peter"]
[Black "Semakoff, Aleks"]
[Result "0-1"]
[WhiteElo "1912"]
[BlackElo "2084"]
[PlyCount "78"]
[EventDate "2016.11.19"]
[EventType "swiss"]
[EventRounds "11"]
[EventCountry "CZE"]
[SourceTitle "CBM 175 Extra"]
[Source "ChessBase"]
[SourceDate "2016.12.12"]
[SourceVersion "1"]
[SourceVersionDate "2016.12.12"]
[SourceQuality "1"]

1. c4 e6 2. g3 d5 3. Bg2 Nf6 4. Nf3 Be7 5. 0-0 0-0 6. b3 c5 7. Bb2 Nc6 8. e3 b6 9. Nc3 Bb7 10. cxd5 exd5 11. d4 Re8 12. Ne5 Bf8 13. f4 cxd4 14. exd4 Nxd4 15. Kh1 Ne6 16. Ng4 Ne4 17. f5 N6g5 18. Nxe4 dxe4 19. Qc1 Rc8 20. Qf4 Bd6 21. Qd2 Nf3 22. Qe3 Bc5 23. Qf4 Qd6 24. Qxd6 Bxd6 25. f6 h5 26. Ne3 g6 27. Nc4 Bc5 28. Rad1 Rcd8 29. Ba3 Rxd1 30. Rxd1 Bxa3 31. Nxa3 e3 32. Nc2 e2 33. Ra1 Nd4 34. Ne1 Ba6 35. Bd5 Re5 36. Bc4 Bxc4 37. bxc4 Rf5 38. Kg2 Rf1 39. Rc1 Nf3 0-1

[Event "WchT Seniors 50"]
[Site "Radebeul"]
[Date "2016.07.01"]
[Round "6.17"]
[White "Wolff, Peter"]
[Black "Weichelt, Stefan"]
[Result "1-0"]
[WhiteElo "1876"]
[BlackElo "1980"]
[PlyCount "91"]
[EventDate "2016.06.26"]
[EventType "team-swiss"]
[EventRounds "9"]
[EventCountry "GER"]
[SourceTitle "CBM 173 Extra"]
[Source "ChessBase"]
[SourceDate "2016.08.29"]
[SourceVersion "1"]
[SourceVersionDate "2016.08.29"]
[SourceQuality "1"]
[WhiteTeam "Offenbach"]
[BlackTeam "Heidenau"]
[WhiteTeamCountry "GER"]
[BlackTeamCountry "GER"]

1. c4 Nf6 2. g3 g6 3. Bg2 Bg7 4. Nc3 d6 5. e4 Nc6 6. Nge2 0-0 7. h3 e5 8. d3 Be6 9. 0-0 Qd7 10. Kh2 Nh5 11. g4 Nf6 12. Ng3 h6 13. Nd5 Bxd5 14. cxd5 Ne7 15. Be3 c5 16. f4 exf4 17. Bxf4 g5 18. Bd2 Nh7 19. Bc3 f6 20. a4 a6 21. a5 Rf7 22. Qd2 Ng6 23. Nf5 Bf8 24. Bf3 Ne7 25. Bd1 Nxf5 26. Rxf5 Qc7 27. Bb3 b5 28. axb6 Qxb6 29. Bc4 Bg7 30. Raf1 Raa7 31. Qf2 Qc7 32. Ra1 Qc8 33. Qc2 Ra8 34. Ra5 Rfa7 35. Rf1 Qe8 36. Rfa1 h5 37. Qa4 hxg4 38. Qxe8+ Rxe8 39. hxg4 Bf8 40. Rxa6 Rb7 41. Ra7 Reb8 42. Rxb7 Rxb7 43. Ra8 Kf7 44. Ba6 Rb6 45. Bc8 Ke8 46. Bf5+ 1-0

[Event "Hessen-ch op-A"]
[Site "Floersheim"]
[Date "2016.05.07"]
[Round "5"]
[White "Wolff, Peter"]
[Black "Diener, Carolin Valeria"]
[Result "0-1"]
[WhiteElo "1958"]
[BlackElo "1740"]
[PlyCount "94"]
[EventDate "2016.05.05"]
[EventType "swiss"]
[EventRounds "7"]
[EventCountry "GER"]
[SourceTitle "EXT 2022"]
[Source "ChessBase"]
[SourceDate "2021.10.06"]
[SourceVersion "1"]
[SourceVersionDate "2021.10.06"]
[SourceQuality "1"]

1. c4 c5 2. g3 g6 3. Bg2 Bg7 4. Nf3 Nc6 5. Nc3 e6 6. d3 Nge7 7. Bg5 h6 8. Bd2 0-0 9. a3 d5 10. Qc1 Kh7 11. Rb1 b6 12. b4 Rb8 13. cxd5 exd5 14. Bf4 Rb7 15. h4 cxb4 16. axb4 Nd4 17. Nxd4 Bxd4 18. Nb5 Bg7 19. 0-0 Bg4 20. Qd2 Qd7 21. Nd6 Rc7 22. f3 Be6 23. d4 Rc6 24. Nb5 Rc4 25. Nd6 Rxd4 26. Qc1 Nf5 27. Nxf5 Bxf5 28. Rb3 Rc8 29. Qe1 Qa4 30. Re3 Rxf4 31. Re7 Rxb4 32. Rxf7 Rb2 33. g4 Be6 34. Re7 Rc6 35. Qg3 Rxe2 36. g5 Qa3 37. Rb7 Qe3+ 38. Kh1 h5 39. Ra1 Rc1+ 40. Rxc1 Qxc1+ 41. Kh2 d4 42. Qd6 Qc5 43. Qd8 Qe5+ 44. Kg1 Qe3+ 45. Kh2 Qf4+ 46. Kg1 Re1+ 47. Kf2 Qxh4# 0-1

[Event "Hessenliga 1516"]
[Site "Germany"]
[Date "2016.03.06"]
[Round "8.5"]
[White "Wenner, Frank"]
[Black "Wolff, Peter"]
[Result "1-0"]
[WhiteElo "2095"]
[BlackElo "1975"]
[PlyCount "61"]
[EventDate "2015.09.27"]
[EventType "team-tourn"]
[EventRounds "9"]
[EventCountry "GER"]
[SourceTitle "EXT 2018"]
[Source "ChessBase"]
[SourceDate "2017.10.13"]
[SourceVersion "1"]
[SourceVersionDate "2017.10.13"]
[SourceQuality "1"]
[WhiteTeam "Gernsheim"]
[BlackTeam "Offenbach"]
[WhiteTeamCountry "GER"]
[BlackTeamCountry "GER"]

1. Nf3 d5 2. c4 c6 3. d4 Nf6 4. Nc3 dxc4 5. a4 Bf5 6. e3 e6 7. Bxc4 Bb4 8. 0-0 0-0 9. Qe2 Nbd7 10. e4 Bg6 11. e5 Nd5 12. Ne4 Qc7 13. Rd1 Rac8 14. Bb3 Qb6 15. Bc4 a5 16. h3 h6 17. Bd2 Be7 18. Rac1 Rfd8 19. Bc3 Nf8 20. Nfd2 Nh7 21. Nb3 Nb4 22. Qe1 Bxe4 23. Qxe4 Nf8 24. Bd2 Ng6 25. Bxe6 fxe6 26. Qxg6 Kh8 27. Bxh6 gxh6 28. Qxh6+ Kg8 29. Qxe6+ Kf8 30. Rc3 Nd5 31. Rg3 1-0

[Event "Hessenliga 1516"]
[Site "Germany"]
[Date "2016.02.01"]
[Round "6.5"]
[White "Wolff, Peter"]
[Black "Neininger, Ralph"]
[Result "0-1"]
[WhiteElo "1975"]
[BlackElo "2125"]
[PlyCount "68"]
[EventDate "2015.09.27"]
[EventType "team-tourn"]
[EventRounds "9"]
[EventCountry "GER"]
[SourceTitle "EXT 2018"]
[Source "ChessBase"]
[SourceDate "2017.10.13"]
[SourceVersion "1"]
[SourceVersionDate "2017.10.13"]
[SourceQuality "1"]
[WhiteTeam "Offenbach"]
[BlackTeam "Frankfurt TV"]
[WhiteTeamCountry "GER"]
[BlackTeamCountry "GER"]

1. c4 c5 2. g3 Nf6 3. Bg2 d5 4. cxd5 Nxd5 5. Nf3 Nc6 6. 0-0 e5 7. Nc3 Be6 8. a3 Be7 9. Nxd5 Bxd5 10. d3 0-0 11. Be3 Nd4 12. Bxd4 exd4 13. Nd2 Bxg2 14. Kxg2 Qd5+ 15. Kg1 Qe6 16. a4 h5 17. Qb3 Qxe2 18. Rae1 Qxd2 19. Rxe7 Rae8 20. Qxb7 Qxd3 21. Rfe1 Rxe7 22. Qxe7 Qc2 23. Qd7 Qc4 24. Re5 g6 25. Qe7 Qc1+ 26. Kg2 d3 27. Rxc5 d2 28. Rxh5 Qc6+ 29. f3 gxh5 30. Qg5+ Kh7 31. Qxd2 Rc8 32. Qg5 Qg6 33. Qf4 Rc2+ 34. Kh3 Rxb2 0-1

[Event "Hessenliga 1516"]
[Site "Germany"]
[Date "2016.01.17"]
[Round "5.5"]
[White "Rolf, Marco"]
[Black "Wolff, Peter"]
[Result "1-0"]
[WhiteElo "2023"]
[BlackElo "1975"]
[PlyCount "73"]
[EventDate "2015.09.27"]
[EventType "team-tourn"]
[EventRounds "9"]
[EventCountry "GER"]
[SourceTitle "EXT 2018"]
[Source "ChessBase"]
[SourceDate "2017.10.13"]
[SourceVersion "1"]
[SourceVersionDate "2017.10.13"]
[SourceQuality "1"]
[WhiteTeam "Bad Homburg"]
[BlackTeam "Offenbach"]
[WhiteTeamCountry "GER"]
[BlackTeamCountry "GER"]

1. d4 d5 2. c4 c6 3. Nf3 Nf6 4. Nbd2 Bf5 5. Nh4 Bg6 6. Qb3 Qc7 7. g3 e6 8. Bg2 Nbd7 9. Nxg6 hxg6 10. e4 Nxe4 11. Nxe4 dxe4 12. Bxe4 Be7 13. Be3 Qa5+ 14. Bd2 Qb6 15. Bc3 Bf6 16. 0-0-0 Qxb3 17. axb3 0-0 18. h4 Rac8 19. g4 Be7 20. g5 Rfd8 21. f4 b5 22. h5 gxh5 23. Rxh5 Nf8 24. Ba5 Re8 25. Bh7+ Nxh7 26. Rdh1 Bd6 27. Rxh7 Kf8 28. Kb1 a6 29. d5 cxd5 30. Bc3 bxc4 31. Bxg7+ Ke7 32. g6 f6 33. Bh8+ Kd8 34. Bxf6+ Be7 35. Rxe7 Rxe7 36. Rh7 Rcc7 37. g7 1-0

[Event "Heusenstamm Sparkassen op-A 2nd"]
[Site "Heusenstamm"]
[Date "2015.11.29"]
[Round "7"]
[White "Bitzer, Andre"]
[Black "Wolff, Peter"]
[Result "0-1"]
[WhiteElo "1617"]
[BlackElo "1957"]
[PlyCount "64"]
[EventDate "2015.11.26"]
[EventType "swiss"]
[EventRounds "7"]
[EventCountry "GER"]
[SourceTitle "EXT 2018"]
[Source "ChessBase"]
[SourceDate "2017.10.13"]
[SourceVersion "1"]
[SourceVersionDate "2017.10.13"]
[SourceQuality "1"]

1. b3 d5 2. Bb2 Nf6 3. e3 Bg4 4. Be2 Bxe2 5. Qxe2 c6 6. f4 Nbd7 7. Nf3 e6 8. 0-0 Be7 9. d3 0-0 10. Nbd2 Qb6 11. h3 Rad8 12. g4 Ne8 13. g5 Nd6 14. Kh2 f6 15. e4 dxe4 16. Nxe4 Nxe4 17. Qxe4 Nc5 18. Qc4 Rd5 19. Ba3 Kf7 20. Rae1 Qb5 21. Qxb5 cxb5 22. Bb2 Rdd8 23. b4 Na4 24. Bc1 Bxb4 25. Re4 Ba5 26. Be3 a6 27. Bf2 Nc3 28. Re3 Bb6 29. d4 Nxa2 30. Rfe1 Rd6 31. c3 Rc6 32. gxf6 gxf6 0-1